Union of the Comoros : Selected Issues and Statistical Appendix.

The Selected Issues paper for the Union of the Comoros describes an assessment of the external competitiveness. Comoros has been hard hit by negative terms-of-trade shocks that have weakened the external position. A trend decline in the world price of vanilla, its main export, has occurred parallel...

Description complète

Détails bibliographiques
Collectivité auteur: International Monetary Fund
Format: Revue
Langue:English
Publié: Washington, D.C. : International Monetary Fund, 2009.
Collection:IMF Staff Country Reports; Country Report ; No. 2009/046
Accès en ligne:Full text available on IMF
LEADER 01591cas a2200241 a 4500
001 AALejournalIMF005621
008 230101c9999 xx r poo 0 0eng d
020 |c 5.00 USD 
020 |z 9781451809206 
022 |a 1934-7685 
040 |a BD-DhAAL  |c BD-DhAAL 
110 2 |a International Monetary Fund. 
245 1 0 |a Union of the Comoros :   |b Selected Issues and Statistical Appendix. 
264 1 |a Washington, D.C. :  |b International Monetary Fund,  |c 2009. 
300 |a 1 online resource (68 pages) 
490 1 |a IMF Staff Country Reports 
500 |a <strong>Off-Campus Access:</strong> No User ID or Password Required 
500 |a <strong>On-Campus Access:</strong> No User ID or Password Required 
506 |a Electronic access restricted to authorized BRAC University faculty, staff and students 
520 3 |a The Selected Issues paper for the Union of the Comoros describes an assessment of the external competitiveness. Comoros has been hard hit by negative terms-of-trade shocks that have weakened the external position. A trend decline in the world price of vanilla, its main export, has occurred parallel to unprecedented increases in international food and petroleum prices. Although export growth has slackened, imports have steadily grown driven by a surge in remittances and a steady real appreciation of the euro-pegged national currency. 
538 |a Mode of access: Internet 
830 0 |a IMF Staff Country Reports; Country Report ;  |v No. 2009/046 
856 4 0 |z Full text available on IMF  |u http://elibrary.imf.org/view/journals/002/2009/046/002.2009.issue-046-en.xml  |z IMF e-Library